Statystyki dla Państwa buddyjskie

Kliknij tutaj aby rozwiązać quiz!

Ogólne statystyki

  • Ten quiz został rozwiązany 141 razy
  • Średni wynik to 12 z 14

Statystyki odpowiedzi

% buddyjskieOdpowiedź% Poprawnych
36.2Japonia
94%
18.2Chiny
93%
93.2Tajlandia
90%
16.4Wietnam
89%
22.9Korea Południowa
88%
96.9Kambodża
85%
66.0Laos
85%
80.1Mjanma
82%
17.7Malezja
77%
74.7Bhutan
76%
55.1Mongolia
76%
69.3Sri Lanka
75%
33.9Singapur
74%
21.3Tajwan
73%

Rozkład punktacji

Percentyl według liczby udzielonych odpowiedzi

Procent ludzi z każdym wynikiem

Twoja historia wyników

Nie rozwiązałeś tego quizu